00545nam a2200241Ia 4500008004000000020001500040041000800055082001300063100001900076245002300095260004600118300001400164650001000178650000900188650001200197650001100209650001100220650001200231650001300243650001000256650001600266700002100282210210b2013 xxu||||| |||| 00| 0 eng d a0198077610 aeng a954 DUBC aDUBE (Saurabh) aCrime through time aNew DelhibOxford University Pressc2013 alxiii,309 aWoman atime athrough aPolice aOutlaw aMaratha aCriminal aCrime aCommunities aRAO (Anupama) Ed